Microsoft expression design step by step/ (Record no. 10630)

MARC details
000 -LEADER
fixed length control field 00749 a2200217 4500
010 ## - LIBRARY OF CONGRESS CONTROL NUMBER
LC control number ENG-89441
020 ## - INTERNATIONAL STANDARD BOOK NUMBER
International Standard Book Number 8120334564
Terms of availability 325.00
035 ## - SYSTEM CONTROL NUMBER
System control number EN-72974
037 ## - SOURCE OF ACQUISITION
Source of stock number/acquisition DBAD / PUB
082 14 - DEWEY DECIMAL CLASSIFICATION NUMBER
Classification number 006.78
090 ## - LOCALLY ASSIGNED LC-TYPE CALL NUMBER (OCLC); LOCAL CALL NUMBER (OCLC)
-- 10932
-- 10932
100 1# - MAIN ENTRY--PERSONAL NAME
Personal name Froehlich, Sara
245 1# - TITLE STATEMENT
Title Microsoft expression design step by step/
Statement of responsibility, etc by Sara Froehlich and Marc Campbell
260 ## - PUBLICATION, DISTRIBUTION, ETC. (IMPRINT)
Place of publication, distribution, etc New Delhi
Name of publisher, distributor, etc Prentice-Hall of India
Date of publication, distribution, etc 2008
270 ## - ADDRESS
Address M-97, Connaught Circus
City New Delhi
State or province Delhi
Postal code 110001
300 ## - PHYSICAL DESCRIPTION
Extent xx, 278p.:
Dimensions 23 cm (pbk)
Other physical details ill.
Accompanying material CD-ROM
500 ## - GENERAL NOTE
General note Includes glossary & index.
700 ## - ADDED ENTRY--PERSONAL NAME
Personal name Campbell, Marc
942 ## - ADDED ENTRY ELEMENTS (KOHA)
Institution code [OBSOLETE] dpl
Koha item type English Books
Call number prefix 006.78/ FRO
Holdings
Withdrawn status Lost status Source of classification or shelving scheme Damaged status Not for loan Collection code Home library Current library Source of acquisition Cost, normal purchase price Total Checkouts Full call number Barcode Date last seen Copy number Uniform Resource Identifier Cost, replacement price Price effective from Koha item type
    Dewey Decimal Classification   Not For Loan Non-fiction D.B.Act.Division D.B.Act.Division DBAD/PUB 325.00   006.78 FRO EN-72974 15/09/2008 1 11707 325.00 15/09/2008 English Books

© Delhi Public Library
Hit Counter
free hit counter